00903 2200325 4500001002100000005001500021035002000036007000300056008004100059040001700100100002000117245009200137250000900229300003100238504003000269020002200299041000800321082001200329084001800341090002200359260003000381500002800411600001500439700001700454850001000471990002400481990002400505990002400529990002400553INLIS00000000000272520260531101216 a0010-0720000008ta260531 g m ind  aSBPUPADbind0 aRisky Wulandari1 aSukse Lolos Tes Potensi Akademik :bSimulasi dan Toefl /cRisky Wulandari; Editor: Maya aEd.1 a378 hlm. :bilus. ;c23 cm abibiliografi, hlm 375-376 a978-979-29-6718-0 aind a150.287 a150.287 RIS s a150.287 RIS s 4-4 aYogyakarta :bAndi,c2017 aprofil penulis, hlm 377 4aPendidikan0 aEditor: Maya aPUPAD a33.582/DAK/DPK/2020 a33.581/DAK/DPK/2020 a33.580/DAK/DPK/2020 a33.579/DAK/DPK/2019